000 00417 a2200145 4500
005 20250526142049.0
020 _a0-471-79722-7
082 _a658.8 GRI
100 _aGRIMM, J. L.
245 _aStudent Learning Guide to Accompany : Marketing, First Cadanian Edition.
260 _aToronto,
_bJohn Wiley & Sons,
_c1988.
300 _aviii, 464p.: ill.;
_bGlossary
_c27cm.
700 _aCUTHBERT, R. M.
942 _2ddc
_cBKS
999 _c2681
_d2681